000 00303nam a22001217a 4500
008 170801b xxu||||| |||| 00| 0 eng d
041 _aeng
080 _a004
100 _a32
101 _aSHKI
245 _aASSEMBLY LANGUAGE PROGRAMMING AND THE IBM 360 AND 370 COMPUTERS
_cRUDD, W.G
942 _2udc
_cBK
999 _c22449
_d22449